000 00350nam a2200157Ia 4500
003 OSt
005 20240513163739.0
008 170524s9999 xx 000 0 und d
020 _a978-8177221091
040 _ciimtu
100 _aConway- Kieron
245 0 _aSoftware Project Management
260 _bDreamtech
260 _c2007
942 _2ddc
_c02
999 _c5896
_d5896